写出世界上国家和地区的首都,但是没有国家(极难) - Statistics

General Stats
  • This quiz has been taken 81 times
  • The average score is 9 of 48
Answer Stats
地区 首府 % Correct
台湾 台北
96%
格陵兰 努克
46%
法属圭亚那 卡宴
43%
西撒哈拉 阿尤恩
34%
科索沃 普里什蒂纳
30%
北塞浦路斯 北尼科西亚
27%
北马里亚纳群岛 塞班岛
27%
留尼汪 圣但尼
24%
百慕大 哈密尔顿
24%
波多黎各 圣胡安
24%
美属萨摩亚 帕果帕果
24%
圣赫勒拿 詹姆斯敦
20%
关岛 阿加尼亚
20%
新喀里多尼亚 努美阿
20%
法罗群岛 托尔斯港
19%
索马里兰 哈尔格萨
18%
阿布哈兹 苏呼米
18%
法属波利尼西亚 帕皮提
18%
马尔维纳斯/福克兰群岛 斯坦利/阿根廷港
18%
斯瓦尔巴群岛 朗伊尔城
16%
阿鲁巴 奥拉涅斯塔德
16%
马提尼克 法兰西堡
16%
圣尤斯特歇斯 奥拉涅斯塔德
16%
库拉索 威廉斯塔德
15%
圣皮埃尔和密克隆 圣皮埃尔
15%
美属维尔京群岛 夏洛特阿马利亚
15%
纽埃 阿洛菲
15%
诺福克岛 金斯敦
15%
皮特凯恩群岛 亚当斯敦
15%
德涅斯特河左岸 蒂拉斯波尔
14%
库克群岛 阿瓦鲁阿
14%
圣诞岛 飞鱼湾
12%
马恩岛 道格拉斯
12%
开曼群岛 乔治敦
12%
南奥赛梯 茨欣瓦利
11%
安圭拉 瓦利
11%
蒙特塞拉特 普利茅斯
11%
科科斯(基林)群岛 西岛
9%
特克斯和凯科斯群岛 科伯恩城
9%
马约特 马穆楚
8%
瓦利斯和富图纳 马塔乌图
8%
英属维尔京群岛 罗德城
7%
荷属圣马丁 菲利普斯堡
7%
瓜德罗普 巴斯特尔
5%
萨巴 博托姆
5%
圣巴泰勒米 古斯塔维亚
3%
法属圣马丁 马里戈特
3%
博奈尔 克拉伦代克
1%
No matching quizzes found
Score Distribution
Percent of People with Each Score
Percentile by Number Answered
Your Score History
You have not taken this quiz